茨城県の市町村(1960年) - Statistics

General Stats
  • This quiz has been taken 68 times
  • The average score is 66 of 92
Answer Stats
No. 市町村 備考 % Correct
1 水戸市
98%
3 土浦市
91%
6 下館市 2005年消滅
91%
2 日立市
89%
11 水海道市 2006年改称
89%
15 北茨城市
89%
5 石岡市
87%
30 那珂郡 東海村
87%
33 那珂郡 大宮町 2004年昇格
87%
40 久慈郡 大子町
87%
46 鹿島郡 鹿島町 1995年昇格
87%
4 古河市
85%
7 結城市
85%
14 高萩市
85%
16 笠間市
85%
43 鹿島郡 鉾田町 2005年消滅
85%
51 行方郡 潮来町 2001年昇格
85%
89 北相馬郡 守谷町 2002年昇格
85%
90 北相馬郡 取手町 1970年昇格
85%
8 龍ケ崎市
83%
9 那珂湊市 1994年消滅
83%
12 常陸太田市
83%
13 勝田市 1994年消滅
83%
18 東茨城郡 茨城町
83%
73 筑波郡 筑波町 1988年消滅
83%
87 猿島郡 岩井町 1972年昇格
83%
10 下妻市
80%
31 那珂郡 那珂町 2005年昇格
80%
84 猿島郡 五霞村 1996年昇格
80%
19 東茨城郡 小川町 2006年消滅
78%
25 東茨城郡 大洗町
78%
57 稲敷郡 牛久町 1986年昇格
78%
86 猿島郡 猿島町 2005年消滅
78%
55 稲敷郡 美浦村
76%
56 稲敷郡 阿見町
76%
92 北相馬郡 利根町
76%
44 鹿島郡 大洋村 2005年消滅
74%
47 鹿島郡 神栖村 1970年昇格
74%
48 鹿島郡 波崎町 2005年消滅
74%
80 結城郡 八千代村 1972年昇格
74%
26 西茨城郡 友部町 2006年消滅
72%
37 久慈郡 金砂郷村 1993年昇格
72%
60 稲敷郡 河内村 1996年昇格
72%
67 新治郡 新治村 2006年消滅
72%
88 猿島郡 境町
72%
42 鹿島郡 旭村 2005年消滅
70%
54 稲敷郡 江戸崎町 2005年消滅
70%
58 稲敷郡 茎崎村 1983年昇格
70%
82 結城郡 石下町 2006年消滅
70%
91 北相馬郡 藤代町 2005年消滅
70%
20 東茨城郡 美野里町 2006年消滅
67%
29 西茨城郡 岩瀬町 2005年消滅
67%
41 多賀郡 十王町 2004年消滅
67%
61 稲敷郡 桜川村 2005年消滅
67%
64 新治郡 玉里村 2006年消滅
67%
66 新治郡 千代田村 1992年昇格
67%
69 筑波郡 谷田部町 1987年消滅
67%
70 筑波郡 伊奈村 1985年昇格
67%
76 真壁郡 明野町 2005年消滅
67%
78 真壁郡 大和村 2005年消滅
67%
85 猿島郡 三和村 1969年昇格
67%
27 西茨城郡 岩間町 2006年消滅
65%
34 那珂郡 山方町 2004年消滅
65%
52 行方郡 北浦村 1997年昇格
65%
53 行方郡 玉造町 2005年消滅
65%
62 稲敷郡 東村 1996年昇格
65%
71 筑波郡 谷和原村 2006年消滅
65%
77 真壁郡 真壁町 2005年消滅
65%
83 猿島郡 総和村 1968年昇格
65%
21 東茨城郡 内原村 1965年昇格
63%
24 東茨城郡 御前山村 2004年消滅
63%
32 那珂郡 瓜連町 2005年消滅
63%
65 新治郡 八郷町 2005年消滅
63%
17 東茨城郡 常澄村 1992年消滅
61%
35 那珂郡 美和村 2004年消滅
61%
38 久慈郡 水府村 2004年消滅
61%
49 行方郡 麻生町 2005年消滅
61%
59 稲敷郡 新利根村 1996年昇格
61%
79 真壁郡 協和村 1964年昇格
61%
28 西茨城郡 七会村 2005年消滅
59%
39 久慈郡 里美村 2004年消滅
59%
45 鹿島郡 大野村 1995年消滅
59%
22 東茨城郡 常北町 2005年消滅
57%
23 東茨城郡 桂村 2005年消滅
57%
50 行方郡 牛堀町 2001年消滅
57%
63 新治郡 出島村 1997年昇格
57%
74 筑波郡 大穂町 1987年消滅
57%
75 真壁郡 関城町 2005年消滅
57%
81 結城郡 千代川村 2006年消滅
57%
36 那珂郡 緒川村 2004年消滅
54%
68 新治郡 桜村 1987年消滅
54%
72 筑波郡 豊里町 1987年消滅
52%
No matching quizzes found
Score Distribution
Percent of People with Each Score
Percentile by Number Answered
Your Score History
You have not taken this quiz